000 00626nam a2200241Ia 4500
003 OSt
005 20221006145013.0
006 a|||||r|||| 00| 0
007 ta
008 221006b |||||||| |||| 00| 0 eng d
020 _c140.00
024 _a13,470
037 _cTextual
040 _aEASL
_cEASL
_beng
041 _2eng
_aeng
082 _aV445-7(Y:72).M90, M3
245 0 _aNorth and North Eastern frontiter tibes fo India
260 _aDelhi
_bCultural Pub.
_c1983
300 _a249p.
_ccm.
490 _v Oth
942 _hV445-7(Y:72).M90, M3
_cTEXL
_2CC
999 _c1081556
_d1081556